<?xml version="1.0" encoding="UTF-8"?>
<record
    xmlns:xsi="http://www.w3.org/2001/XMLSchema-instance"
    xsi:schemaLocation="http://www.loc.gov/MARC21/slim http://www.loc.gov/standards/marcxml/schema/MARC21slim.xsd"
    xmlns="http://www.loc.gov/MARC21/slim">

  <leader>03259nab a2200325uuc4500</leader>
  <controlfield tag="001">1327076</controlfield>
  <controlfield tag="003">OSt</controlfield>
  <controlfield tag="005">20240202112723.0</controlfield>
  <controlfield tag="008">130509e20130301                    eng  </controlfield>
  <datafield tag="035" ind1=" " ind2=" ">
    <subfield code="a">1327076</subfield>
  </datafield>
  <datafield tag="040" ind1=" " ind2=" ">
    <subfield code="c">comduadb</subfield>
  </datafield>
  <datafield tag="041" ind1=" " ind2=" ">
    <subfield code="a">eng</subfield>
  </datafield>
  <datafield tag="100" ind1="1" ind2="0">
    <subfield code="a">Ferreira, Geane D.G.</subfield>
    <subfield code="4">aut</subfield>
    <subfield code="e">aut</subfield>
    <subfield code="9">655500</subfield>
  </datafield>
  <datafield tag="245" ind1="1" ind2="0">
    <subfield code="a">Quantitative and qualitative characteristics of elephant grass (Pennisetum purpureum Schum) clones in the semi-arid lands of Pernambuco (Brazil)</subfield>
  </datafield>
  <datafield tag="520" ind1="3" ind2=" ">
    <subfield code="a">Antecedentes: el uso eficiente de forraje de buena calidad es una de las muchas maneras de mejorar la productividad animal y por lo tanto reducir el costo de la alimentaci&#xF3;n del ganado lechero. Entre la variedad de estudios que permiten mejorar el valor nutritivo del forraje, los estudios histol&#xF3;gicos se destacan, porque permiten tanto la comparaci&#xF3;n de especies o cultivares y el seguimiento del envejecimiento de los tejidos con la madurez de la planta. Objetivo: el presente trabajo tuvo como objetivo caracterizar la morfolog&#xED;a del tallo de los clones de Pennisetum (Itamb&#xE9; IV-46, I-Itamb&#xE9; 1.20, Itamb&#xE9; I-1.4, Milheto x Buacu/112-23.4, Cuba-116-29.3, el CAC-262-12.102, Roxo de Botucatu x CAC-282-18.29, Taiw&#xE1;n-146-2.6, Itamb&#xE9; I-1.5, Pusa Napier o 419-76 x Buacu/122-11.2, Taiwan-146-2.03, Taiw&#xE1;n-146-2.85, Itamb&#xE9; II-2.46 , Pusa Napier 419-76 x Cuba-116-12.3 y Napier Pusa o 412-76 x Buacu/122-8.22) en tres estratos (basal, medio y apical) y tres tallos de la planta con los cortes histol&#xF3;gicos. M&#xE9;todos: el material se recogi&#xF3; en una zona ya establecida en la Estaci&#xF3;n Experimental de Sao Bento do Una en el Instituto Agron&#xF3;mico de Pernambuco. Los materiales se distribuyeron en un dise&#xF1;o factorial completamente al azar de 15 x 3 x 3 (14 clones y un h&#xED;brido, tres capas de la madre y los tallos de tres). Las muestras fueron recolectadas durante la estaci&#xF3;n seca comenzando en agosto de 2008. Resultados: hubo diferencias significativas (p &lt; 0,05) entre los clones evaluados, y los valores promedio de las c&#xE9;lulas lignificadas en la regi&#xF3;n de la corteza variaron desde 2,21 hasta 4,21 para los clones Taiw&#xE1;n-146-2.6 y Roxo de Botucatu X CAC-282-18.29, sin embargo, esto no fue diferente de los otros clones en la regi&#xF3;n medular. El clon Itamb&#xE9; II-2.46 mostr&#xF3; el mayor valor absoluto en el porcentaje de floema en la regi&#xF3;n de la corteza (2,32%) y un alto valor, con diferencias significativas, en la regi&#xF3;n medular (1,59%) en comparaci&#xF3;n con los otros clones.</subfield>
  </datafield>
  <datafield tag="650" ind1=" " ind2=" ">
    <subfield code="a">Hemicelulosa</subfield>
    <subfield code="9">73909</subfield>
  </datafield>
  <datafield tag="650" ind1=" " ind2=" ">
    <subfield code="a">Celulosa</subfield>
    <subfield code="9">34333</subfield>
  </datafield>
  <datafield tag="650" ind1=" " ind2=" ">
    <subfield code="a">Lignina</subfield>
    <subfield code="9">38581</subfield>
  </datafield>
  <datafield tag="650" ind1=" " ind2=" ">
    <subfield code="a">Pasto elefante : Pennisetum purpureum</subfield>
    <subfield code="9">162069</subfield>
  </datafield>
  <datafield tag="700" ind1="1" ind2="0">
    <subfield code="a">Santos, Mercia V.F.</subfield>
    <subfield code="4">aut</subfield>
    <subfield code="e">aut</subfield>
    <subfield code="9">655501</subfield>
  </datafield>
  <datafield tag="700" ind1="1" ind2="0">
    <subfield code="a">Lira, M&#xE1;rio A.</subfield>
    <subfield code="4">aut</subfield>
    <subfield code="e">aut</subfield>
    <subfield code="9">668263</subfield>
  </datafield>
  <datafield tag="700" ind1="1" ind2="0">
    <subfield code="a">Melo, Alexandre C. L.</subfield>
    <subfield code="4">aut</subfield>
    <subfield code="e">aut</subfield>
    <subfield code="9">668264</subfield>
  </datafield>
  <datafield tag="700" ind1="1" ind2="0">
    <subfield code="a">Almeida, Omer C.</subfield>
    <subfield code="4">aut</subfield>
    <subfield code="e">aut</subfield>
    <subfield code="9">671468</subfield>
  </datafield>
  <datafield tag="700" ind1="1" ind2="0">
    <subfield code="a">Ribeiro, Carlos R.</subfield>
    <subfield code="4">aut</subfield>
    <subfield code="e">aut</subfield>
    <subfield code="9">675758</subfield>
  </datafield>
  <datafield tag="700" ind1="1" ind2="0">
    <subfield code="a">Oliveira, Ronaldo L.</subfield>
    <subfield code="4">aut</subfield>
    <subfield code="e">aut</subfield>
    <subfield code="9">679599</subfield>
  </datafield>
  <datafield tag="700" ind1="1" ind2="0">
    <subfield code="a">Palmieri, Adriana D.</subfield>
    <subfield code="4">aut</subfield>
    <subfield code="e">aut</subfield>
    <subfield code="9">655502</subfield>
  </datafield>
  <datafield tag="773" ind1="0" ind2=" ">
    <subfield code="t">Revista Colombiana de Ciencias Pecuarias (Medell&#xED;n)</subfield>
    <subfield code="g">Volumen 26, N&#xFA;mero 01, Marzo 2013, p. 15-23</subfield>
    <subfield code="w">315324</subfield>
    <subfield code="x">0120-0690</subfield>
    <subfield code="0">107734</subfield>
  </datafield>
  <datafield tag="856" ind1="4" ind2=" ">
    <subfield code="u">http://rccp.udea.edu.co/index.php/ojs/issue/view/55/showToc</subfield>
  </datafield>
  <datafield tag="942" ind1=" " ind2=" ">
    <subfield code="c">ARIMP</subfield>
    <subfield code="2">ddc</subfield>
  </datafield>
  <datafield tag="999" ind1=" " ind2=" ">
    <subfield code="c">657621</subfield>
    <subfield code="d">657621</subfield>
  </datafield>
</record>
